01075cam a2200253 a 4500999001300000001000500013003000900018005001700027008004100044040002800085082001800113245021500131260004900346300004700395504004100442650005300483651003800536651003300574651003300607651003300640700002000673942001200693952011600705 c749d7499423BD-DhUAP20210118145740.0200127s2003 bg a b 100 0 eng  aDLCcDLCdBD-DhUAPbEng 223a330.9 THI10aThird International Conference on Regional Economic Cooperation Among Bangladesh, China, India and Myanmar (BCIM) :bDhaka, February 6-7, 2002 : report of the conference /cedited by Rehman Sobhan ... [et al.]. aDhaka :bCentre for Policy Dialogue,cc2003. aviii, 198 pages :billustrations ;c25 cm. aIncludes bibliographical references. 0aCommercexInternational cooperationvCongresses. 0aBangladeshxCommercevCongresses. 0aChinaxCommercevCongresses. 0aIndiaxCommercevCongresses. 0aBurmaxCommercevCongresses.1 aSobhan, Rehman. 2ddccBK 00102ddc4070aUAPCLbUAPCLcGeneral Stacksd2020-01-27o330.9 THIp3010009423r2020-01-27t1w2020-01-27yBK